00420nam a2200145Ia 4500008004100000041000900041082001800050100001600068245002600084260003600110300000800146650000800154999001700162952009500179230718s9999 xx 000 0 und d aEng. a663.42bMAS-L aMasud, Ross 0alaw and order in the. aPakistanbMayoor low bookc2009 a337 aLaw c29291d29291 00104070aSIRC-LbSIRC-Ld2023-07-18l0o663.42 MAS-Lp24242r2023-07-18w2023-07-18yBK